000 02097nam a22003857a 4500
001 42835
003 gtgccic
005 20251113115211.0
007 ta
008 251113b gt ||||| |||| 00| 0 spa d
040 _agtgccic
_bspa
_cgtgccic
_erda
084 _0TPI-17-0114
100 1 0 _aJosé Manuel De Paz Estrada
_dIngeniero en Ciencias y Sistemas
_eautor
245 1 0 _aDiseño e implementación de una arquitectura escalable basada en microservicios para un sistema
_bde gestión de aprendizaje con características de red social /
_cDe Paz Estrada, José Manuel
264 1 _aGuatemala, Guatemala :
_bUSAC, Facultad de Ingeniería ;
_c2017.-
300 _axxii, 65 p. :
_bil. ;
_c27 cm
336 _2rdacontenido
_aTexto
_btxt
337 _2rdamedio
_asin mediación
_bn
338 _2rdasoporte
_avolumen
_bnc
502 _aTesis Postgrado
_bMAESTRO EN TECNOLOGÍAS DE LA INFORMACIÓN Y COMUNICACIÓN
_cUSAC, Facultad de Ingeniería, Escuela de Postgrado
_d2017
_oTPI-17-0114
504 _aBibliografía pag. 63
505 _t1. ANTECEDENTES
505 _t2. JUSTIFICACIÓN
505 _t3. ALCANCES
505 _t4. MARCO TEÓRICO
505 _t5. PRESENTACIÓN DE RESULTADOS
505 _t6. ANÁLISIS Y DISCUSIÓN DE RESULTADOS
520 3 _aExisten diversos sistemas de gestión de aprendizaje, algunos de uso gratuito y oros que solamente se pueden utilizar realizando un pago por ello; además algunos son software libre, lo que permite que puedan ser modificados. El problema de estos sistemas de gestión de aprendizaje es que originalmente fueron desarrollados para funionar sobre una arquitectura monolítica, pues sus componenetes están fuertemente acoplados, esto genera el riesgo que si un componenete falla o se detiene para realizar un nuevo despliegue, provoca que el resto de compondntes del sistema también se detengan, generalizando inactividad en el sistema completo.
650 _aGESTIÓN
650 _aREDES SOCIALES
650 _aAPRENDIZAJE
700 _aInga. MSC. María Elizabeth Aldana Díaz
_easesor
942 _2ddc
_cTPS
945 _aamlo
999 _c2527
_d2527